000 02582cam a2200313 4500500
005 20260111095528.0
041 _afre
042 _adc
100 1 0 _aZubeldia, Océane
_eauthor
245 0 0 _aEntre résilience et rupture : l’émergence d’un nouveau modèle technologique chinois ?
260 _c2020.
500 _a66
520 _aDepuis son arrivée au pouvoir en 2013 le Président chinois Xi Jinping a placé l’innovation technologique au centre de la stratégie chinoise. Pour stimuler son développement, l’industrie du numérique est fortement sollicitée par l’appareil étatique et sert de puissant levier tant sur le marché intérieur (contrôle de la données) que sur l’influence géopolitique (« routes de la soie digitalisée » en Asie, Europe, et Afrique). Les politiques publiques et les dynamiques privées soutiennent la modernisation de l’Armée populaire de libération (APL) qui a désormais la capacité opérationnelle de bouleverser l’équilibre stratégique de l’Asie du sud-est et de faire face aux Etats-Unis. La Chine est-elle pour autant un acteur capable de ruptures technologiques ou adapte t’elle son modèle ?
520 _aSince he came to power in 2013, China’s President Xi Jinping putted technological innovation at the heart of China’s strategy. In order to stimulate its development, the digital industry is heavily called upon by the state and serves as a powerful lever on the internal market (data control) as much as on geopolitical influence (“Digital Silk Road” in Asia, Europe, and Africa). Public policy and dynamics in the private sector provide their support to the modernisation of the People’s Liberation Army (PLA), which now has the operational ability to disrupt the strategic balance in South-East Asia and to face the United-States. Does this mean China is a player capable of making technological breakthroughs or is it adapting its model?
690 _aéquipement militaire
690 _aindustrie de défense
690 _ainnovation technologique
690 _aintelligence artificielle
690 _aréseau numérique
690 _asystème inhabité maritime
690 _aartificial intelligence
690 _adefense industry
690 _adigital network
690 _amaritime unmanned system
690 _amilitary equipment
690 _atechnological innovation
786 0 _nMonde chinois | 61 | 1 | 2020-07-27 | p. 39-53 | 1767-3755
856 4 1 _uhttps://shs.cairn.info/revue-monde-chinois-2020-1-page-39?lang=fr&redirect-ssocas=7080
999 _c1629412
_d1629412